000 00348nam a2200157Ia 4500
003 OSt
005 20240311094925.0
008 170523s9999 xx 000 0 und d
020 _a978-0133796841
040 _ciimtu meerut
100 _aBERMAN- EVANS
245 0 _aRETAIL MANAGEMENT
260 _bPEARSON EDU
260 _c2005
942 _2ddc
_c02
999 _c1268
_d1268